Catálogo
 En Linea

Bipolar orders : the two Koreas since 1989. (Registro nro. 34009)

Detalles MARC
000 -CABECERA
campo de control de longitud fija 00283nam a2200109 a 4500
005 - FECHA Y HORA DE LA ÚLTIMA TRANSACCIÓN
campo de control 20200930073738.0
008 - DATOS DE LONGITUD FIJA--INFORMACIÓN GENERAL
campo de control de longitud fija 111005s2007 000 spa d
020 ## - NÚMERO INTERNACIONAL ESTÁNDAR DEL LIBRO
Número Internacional Estándar del Libro 9781842777428
040 ## - FUENTE DE LA CATALOGACIÓN
Centro catalogador/agencia de origen DO-SdBNP
245 #0 - MENCIÓN DE TÍTULO
Título Bipolar orders : the two Koreas since 1989.
260 ## - PUBLICACIÓN, DISTRIBUCIÓN, ETC.
Lugar de publicación, distribución, etc. London,
Fecha de publicación, distribución, etc. 2007.

No hay ítems disponibles.

Con tecnología Koha